000 00422nam a2200181Ia 4500
001 1437
005 20260306143728.0
008 260306t2015||||xx |||||||||||||| ||spa||
041 _aESP
082 _a150.1
_bP75
100 _aPolo, Leonardo
_eAUT
245 0 _aLecciones de psicología clásica
260 _c2015
300 _a313 páginas :
_c24 cm.
650 _aGEN
654 _aCPS
942 _cLIB
_dJUS
_fJUS
_2ddc
_n
999 _c1437
_d1437